10 Largest US Cities for Each Letter on a Map - Statistics

General Stats
  • This quiz has been taken 382 times
  • The average score is 142 of 252
Answers on the Map
Answers color-coded by a green-red scale on the quiz's map according to % correct below.
 
Answer Stats
Letter Pop. City % Correct
A 5.21 Mil Atlanta
95%
B 4.36 Mil Boston
95%
C 8.49 Mil Chicago
95%
J 331k | 81k Jackson
95%
S 3.56 Mil Seattle
95%
D 3.72 Mil Detroit
94%
J 1.30 Mil | 110k Jacksonville
94%
M 6.11 Mil Miami
94%
N 18.83 Mil New York
94%
D 5.84 Mil Dallas
93%
D 2.69 Mil Denver
93%
H 6.05 Mil Houston
93%
L 2.26 Mil Las Vegas
93%
M 2.91 Mil Minneapolis
93%
S 3.06 Mil San Diego
93%
S 3.36 Mil San Francisco
93%
A 1.92 Mil Austin
92%
I 1.74 Mil Indianapolis
92%
K 1.69 Mil | 155k Kansas City
92%
L 11.89 Mil Los Angeles
91%
N 1.18 Mil Nashville
91%
O 1.91 Mil Orlando
91%
P 5.70 Mil Philadelphia
91%
P 2.08 Mil Portland
91%
A 767k Albuquerque
90%
B 449k Boise
90%
B 950k Buffalo
90%
E 862k El Paso
90%
H 346k Honolulu
90%
P 4.07 Mil Phoenix
90%
T 2.91 Mil Tampa
90%
W 5.15 Mil Washington
90%
B 2.19 Mil Baltimore
89%
C 1.70 Mil Cincinnati
89%
C 1.68 Mil Cleveland
89%
C 1.58 Mil Columbus
89%
N 919k New Orleans
89%
O 1.00 Mil Oklahoma City
89%
M 1.03 Mil Memphis
88%
S 2.07 Mil San Antonio
88%
C 1.44 Mil Charlotte
87%
M 1.29 Mil Milwaukee
87%
P 1.71 Mil Pittsburgh
87%
R 455k Reno
87%
S 1.17 Mil Salt Lake City
87%
B 630k Baton Rouge
86%
F 941k Fort Worth
86%
R 1.15 Mil Raleigh
86%
S 1.77 Mil San Jose
86%
R 1.08 Mil Richmond
85%
S 2.13 Mil St. Louis
85%
T 880k Tucson
85%
A 602k Albany
84%
C 638k Colorado Springs
84%
L 965k Louisville
84%
T 261k Tallahassee
84%
O 826k Omaha
83%
T 741k Tulsa
83%
V 1.43 Mil Virginia Beach
83%
B 779k Birmingham
82%
D 560k Des Moines
82%
F 725k Fresno
82%
S 1.96 Mil Sacramento
82%
R 695k Rochester
81%
L 468k Little Rock
80%
C 726k Charleston
79%
L 293k Lincoln
79%
O 438k Oakland
79%
S 459k Spokane
79%
M 460k Madison
78%
P 1.27 Mil Providence
78%
W 502k Wichita
78%
W 434k Winston-Salem
78%
F 225k Fargo
77%
H 969k Hartford
77%
G 611k Grand Rapids
75%
G 346k Greensboro
75%
N 307k Newark
75%
A 539k Akron
74%
B 579k Bakersfield
74%
D 668k Dayton
74%
K 618k Knoxville
74%
T 492k Toledo
74%
F 345k Fort Wayne
73%
J 290k Jersey City
73%
A 345k Anaheim
72%
A 395k Arlington
72%
C 605k Columbia
72%
G 228k Green Bay
72%
A 390k Aurora
71%
E 273k Eugene
71%
R 2.29 Mil Riverside
71%
A 439k Augusta
70%
D 411k Durham
70%
T 220k Tacoma
70%
Y 210k Yonkers
70%
H 359k Huntsville
69%
L 321k Lexington
69%
M 507k Mesa
69%
N 271k North Las Vegas
68%
E 184k Erie
67%
V 193k Vancouver
67%
H 325k Henderson
66%
O 216k Olympia
66%
L 458k Long Beach
65%
N 565k New Haven
65%
A 632k Allentown
64%
H 499k Harrisburg
64%
T 363k Trenton
64%
P 640k Provo
63%
F 327k | 406k Fayetteville
62%
F 339k Fort Collins
62%
S 1.81 Mil San Juan
62%
U 115k Utica
62%
W 487k Worcester
62%
Y 145k Yuma
62%
G 409k Greenville
61%
I 308k Irvine
61%
N 235k Norfolk
61%
Q 101k | 39k | 8k Quincy
61%
W 275k Wilmington
61%
B 922k Bridgeport
60%
I 111k Idaho Falls
60%
L 318k Lansing
60%
G 250k Glendale
59%
W 198k Waco
59%
O 624k Ogden
58%
I 255k Irving
57%
M 810k McAllen
57%
Y 316k Youngstown
56%
E 206k Evansville
55%
D 282k Davenport
53%
F 292k Flint
53%
R 274k Rockford
53%
H 201k Huntington
52%
I 130k Iowa City
52%
J 150k Joliet
52%
N 185k Newport News
52%
T 186k Tempe
52%
C 656k Cape Coral
51%
G 271k Gilbert
51%
O 197k Overland Park
51%
P 474k Port St. Lucie
51%
F 229k Fremont
50%
G 220k Gainesville
50%
G 203k Galveston
50%
T 166k Tuscaloosa
50%
P 402k Pensacola
49%
G 232k Gulfport
48%
I 122k Independence
48%
L 408k Lancaster
48%
R 214k Roanoke
48%
Y 134k Yakima
48%
C 525k Concord
47%
H 222k Hialeah
47%
N 201k Nampa
47%
E 136k Elizabeth
45%
K 204k Kalamazoo
45%
K 126k Kenosha
45%
K 135k Kent
45%
M 356k Modesto
45%
K 261k Killeen
43%
O 373k Oxnard
43%
R 280k Reading
43%
Y 247k York
43%
N 248k Nashua
42%
G 245k Garland
41%
D 455k Denton
40%
M 326k Myrtle Beach
40%
Z 24k Zion
40%
X 26k | 340 Xenia
39%
K 443k Kissimmee
38%
O 178k Ontario
38%
U 66k | 68k Union City
38%
E 177k Elk Grove
37%
L 291k Lakeland
37%
V 166k Visalia
37%
J 130k Johnson City
35%
J 88k Joplin
34%
P 308k Poughkeepsie
34%
W 138k Warren
34%
W 200k Waterbury
34%
E 150k Escondido
33%
V 171k Vallejo
33%
V 364k Victorville
33%
D 175k Danbury
32%
T 208k Thousand Oaks
31%
V 67k Victoria
31%
I 372k Indio
30%
Z 25k Zanesville
30%
F 212k Fontana
29%
I 106k Inglewood
29%
K 260k Kennewick
28%
O 198k Ocala
28%
V 76k Valdosta
27%
Z 31k Zionsville
27%
H 207k Hagerstown
26%
D 224k Deltona
24%
P 548k Palm Bay
24%
U 38k Urbana
24%
V 102k Vacaville
24%
Y 128k Yuba City
24%
J 106k Jurupa Valley
23%
Q 66k Queen Creek
22%
E 147k Elkhart
21%
U 79k Upland
21%
E 232k Enterprise
20%
R 244k Rock Hill
20%
K 116k Kailua
19%
V 91k Vineland
19%
W 154k Warner Robins
17%
Z 18k Zephyrhills
17%
J 82k Johns Creek
16%
V 99k Vista
16%
Y 67k Yorba Linda
16%
B 229k Bremerton
15%
U 46k Urbandale
13%
Z 20k Zachary
13%
H 201k Hickory
12%
M 635k Mission Viejo
12%
Q 9k Quakertown
12%
U 49k University
12%
W 297k Winter Haven
12%
I 39k Issaquah
10%
Y 54k Yucaipa
10%
Y 25k Yukon
10%
E 115k East Los Angeles
9%
Z 8k Zebulon
8%
Q 4k Quitman
7%
B 446k Bonita Springs
6%
U 35k University Place
6%
Z 6k Zeeland
6%
I 41k Indian Trail
5%
Q 5k Quantico Base
5%
Q 11k Quartz Hill
5%
R 252k Round Lake Beach
5%
U 35k University City
5%
Y 22k Yorkville
5%
Z 6k Zimmerman
4%
Z 6k Zuni Pueblo
3%
U 36k Upper Arlington
2%
Z 6k Zephyrhills West
2%
Q 6k Quebradillas
1%
No matching quizzes found
Score Distribution
Percent of People with Each Score
Percentile by Number Answered
Your Score History
You have not taken this quiz